|
|
|
|
| LEADER |
00000ny a22000003n 4500 |
| 005 |
20110620131119.0 |
| 008 |
081119s2007 sp s 000 0 spa d |
| 020 |
|
|
|a 9788498490565
|
| 035 |
|
|
|a 2311
|
| 040 |
|
|
|a UCN
|d vLex
|
| 090 |
|
|
|c 875
|d 875
|
| 100 |
1 |
|
|a Lp̤ez, Elizabeth
|d 1976-
|
| 245 |
1 |
0 |
|a Europa busca modelo
|h [Recurso electrn̤ico]
|c Elizabeth Lp̤ez
|
| 256 |
|
|
|a Servicio en ln̕ea
|
| 260 |
|
|
|a Madrid :
|b Dykinson,
|c 2007
|
| 506 |
1 |
|
|a Contenido solo disponible en los productos indicados
|d vLex Global
|d vLex Global (Academic Edition, excluding Law Schools)
|d vLex Global (U.S. Academic Edition, Law Schools)
|d vLex Global (U.S. Academic Edition, excluding Law Schools)
|d vLex Global (Academic Edition, Law Schools)
|
| 650 |
0 |
4 |
|a Libro Electrn̤ico
|b Espaą
|
| 651 |
|
4 |
|a Europa
|z Constituciones
|
| 740 |
0 |
|
|a vLex Libros (Servicios en ln̕ea)
|
| 856 |
4 |
0 |
|u http://vlex.com/source/2311
|z Acceso restringido
|
| 942 |
|
|
|c BOOK
|
| 999 |
0 |
|
|a Ebook
|b Espaą
|